[Event "IECC M1-2009.T17"]
[Site "IECC email"]
[Date "2009.01.28"]
[Round "?"]
[White "Cuaycong, Virgilio"]
[Black "Pinedo, Christian"]
[Result "1-0"]
[WhiteElo "1341"]
[BlackElo "1193"]
[PlyCount "69"]
[EventDate "2009.??.??"]
[EventType "match (corr)"]
[EventRounds "2"]
[SourceTitle "Corr 2011"]
[Source "ChessBase"]
[SourceDate "2010.08.31"]
[SourceVersion "1"]
[SourceVersionDate "2010.08.31"]
[SourceQuality "1"]
[WhiteTeam "Philippines"]
[BlackTeam "Spain"]
[WhiteTeamCountry "PHI"]
[BlackTeamCountry "ESP"]

1. c4 c5 2. Nc3 Nc6 3. Nf3 e5 4. g3 g6 5. Bg2 Bg7 6. Rb1 Nge7 7. 0-0 0-0 8. d3 d6 9. Bg5 f6 10. Bd2 Be6 11. e4 Bg4 12. h3 Be6 13. Nd5 a5 14. a3 a4 15. Re1 Bd7 16. b4 axb3 17. Qxb3 Nxd5 18. cxd5 Na5 19. Qb6 Ra6 20. Qxd8 Rxd8 21. Rb6 Rda8 22. Bxa5 Rxa5 23. Rxd6 Bb5 24. Rb1 Kf7 25. a4 Bf8 26. Rb6 Ba6 27. Ra1 Rd8 28. Nd2 Bxd3 29. Rxb7+ Kg8 30. Bf1 Bc2 31. Bb5 f5 32. Nc4 Raa8 33. Nxe5 Bxe4 34. Rd1 Rxd5 35. Bc4 1-0

[Event "IECC M1-2009.T17"]
[Site "IECC email"]
[Date "2009.01.28"]
[Round "?"]
[White "Pinedo, Christian"]
[Black "Cuaycong, Virgilio"]
[Result "0-1"]
[WhiteElo "1207"]
[BlackElo "1270"]
[PlyCount "50"]
[EventDate "2009.??.??"]
[EventType "match (corr)"]
[EventRounds "2"]
[SourceTitle "Corr 2011"]
[Source "ChessBase"]
[SourceDate "2010.08.31"]
[SourceVersion "1"]
[SourceVersionDate "2010.08.31"]
[SourceQuality "1"]
[WhiteTeam "Spain"]
[BlackTeam "Philippines"]
[WhiteTeamCountry "ESP"]
[BlackTeamCountry "PHI"]

1. e4 e5 2. Nf3 Nc6 3. Bc4 Nf6 4. Ng5 d5 5. exd5 Na5 6. Bb5+ Bd7 7. Qe2 Bd6 8. d4 0-0 9. Bxd7 Qxd7 10. 0-0 exd4 11. Qd3 h6 12. Ne4 Nxd5 13. Qxd4 Nc6 14. Qd3 Rfe8 15. Bd2 Rad8 16. Nbc3 Ndb4 17. Qb5 a6 18. Qh5 Re5 19. Qh4 Be7 20. Qg3 Re6 21. f4 f5 22. Nf2 Qxd2 23. Rfd1 Qxc2 24. Rxd8+ Nxd8 25. a3 Qxb2 0-1

[Event "IECC M-5613"]
[Site "IECC email"]
[Date "2007.01.04"]
[Round "?"]
[White "Vazquez Marquinez, Felipe"]
[Black "Pinedo, Christian"]
[Result "1-0"]
[WhiteElo "1515"]
[BlackElo "1243"]
[PlyCount "43"]
[EventDate "2007.??.??"]
[EventType "tourn (corr)"]
[EventRounds "10"]
[SourceTitle "Corr 2008"]
[Source "ChessBase"]
[SourceDate "2008.06.24"]
[SourceVersion "1"]
[SourceVersionDate "2008.06.24"]
[SourceQuality "1"]
[WhiteTeam "Peru"]
[BlackTeam "Spain"]
[WhiteTeamCountry "PER"]
[BlackTeamCountry "ESP"]

1. e4 c6 2. d4 d5 3. e5 Bf5 4. Nc3 e6 5. g4 Bg6 6. Nge2 Nd7 7. h4 h6 8. Be3 Ne7 9. h5 Bh7 10. f4 Qc7 11. Ng3 a6 12. Bd3 Bxd3 13. Qxd3 c5 14. 0-0-0 c4 15. Qd2 Nc6 16. f5 b5 17. fxe6 fxe6 18. Nce2 b4 19. Nf4 c3 20. Qd3 Nd8 21. Qg6+ Ke7 22. Nf5+ 1-0